| 000 | 00433nam a2200205Ia 4500 | ||
|---|---|---|---|
| 001 | 11983 | ||
| 003 | GE_BSU | ||
| 008 | 181216s||||||||xx |||||||||||||| ||und|| | ||
| 020 | _a0316726834 | ||
| 040 | _cGE_BSU | ||
| 080 | _a821.111-312.4 | ||
| 100 | _aFairstein,Linda | ||
| 245 | _aDeath Dance | ||
| 260 | _aLondon | ||
| 260 | _bLiitle Brown | ||
| 260 | _c2006. | ||
| 300 | _a402p;24cm. | ||
| 653 | _aDeath Dance | ||
| 942 | _cBK | ||
| 999 |
_c45160 _d45160 |
||